World directory of environmental research centers, (Record no. 15202)

000 -LEADER
fixed length control field 00785cam a2200217 4500
020 ## - INTERNATIONAL STANDARD BOOK NUMBER
ISBN 0835207013
040 ## - CATALOGING SOURCE
Transcribing agency DLC
082 00 - DEWEY DECIMAL CLASSIFICATION NUMBER
Classification number 301 ORY 1974 A074 Or.
100 1# - MAIN ENTRY--AUTHOR NAME
Personal name Wilson, William K.
245 10 - TITLE STATEMENT
Title World directory of environmental research centers,
250 ## - EDITION STATEMENT
Edition statement 2d ed.
260 ## - PUBLICATION, DISTRIBUTION, ETC. (IMPRINT)
Place of publication New York,
Name of publisher Oryx Press; distributed by R. R. Bowker Co.,
Year of publication 1974.
300 ## - PHYSICAL DESCRIPTION
Number of Pages xi, 330 p.
Dimensions 29 cm.
500 ## - GENERAL NOTE
General note First ed. compiled by W. A. Mordy and P. A. Sholtys, published in 1970 under title: Directory of organizations concerned with environmental research.
500 ## - GENERAL NOTE
General note "Sponsored by Lake Erie Environmental Studies (LEES) Program."
650 #0 - SUBJECT ADDED ENTRY--TOPICAL TERM
Topical Term Environmental policy
700 1# - ADDED ENTRY--PERSONAL NAME
Personal name Dowd, Morgan D.,
700 1# - ADDED ENTRY--PERSONAL NAME
Personal name Sholtys, Phyllis A.,
700 1# - ADDED ENTRY--PERSONAL NAME
Personal name Mordy, Wendell A.,
942 ## - ADDED ENTRY ELEMENTS (KOHA)
Koha item type សៀវភៅភាសាអង់គ្លេស
952 ## - LOCATION AND ITEM INFORMATION (KOHA)
Withdrawn status [LOCAL, KOHA] 0
Holdings
Permanent Location Date acquired Koha item type Lost status Shelving location Barcode Current Location Full call number
Library Block A2017-11-13សៀវភៅភាសាអង់គ្លេស A074A06877Library Block A301 ORY 1974 A074 Or.
មជ្ឈមណ្ឌលឯការនៃសាកលវិទ្យាល័យភូមិន្ទកសិកម្មចំការដូង

Powered by Koha